| 000 | 00618cab a2200205 4500 | ||
|---|---|---|---|
| 001 | WB2515-28 | ||
| 008 | 090401t1989 xxu||||| |||| 00| 0 eng d | ||
| 035 | _a(Sirsi) u10928 | ||
| 041 | _aeng | ||
| 245 | _aUpdated version of dataMAP launched | ||
| 260 | _c1989 | ||
| 350 | _a0 | ||
| 490 |
_aEstates Gazette _vno 8915, 15/4/89 p26 |
||
| 520 | _aSIA Ltd have updated their mapping information and management system, dataMAP . Gives brief details of this and another SIA product, Routefinder . | ||
| 650 | _aCOMPUTERS | ||
| 650 | _aGIS | ||
| 690 | _aPRACTICE AND TECHNIQUES | ||
| 942 | _n0 | ||
| 948 | _c04/03/1997 | ||
| 999 |
_c6960 _d6960 |
||